ChristmasEvent-The countries that celebrate Christmas-Languages Update - Statistics

General Stats
  • This quiz has been taken 6 times
  • The average score is 3 of 6
Answer Stats
Countries % Correct
Japan
75%
South Africa
75%
China
50%
Eritrea
25%
Ethiopia
25%
Taïwan
25%
No matching quizzes found
Score Distribution
Percent of People with Each Score
Percentile by Number Answered
Your Score History
You have not taken this quiz